Score 0/8 Timer 01:00
0 Plays Today
% Correct
Remember the Titans
87.8%
Training Day
76.2%
American Gangster
60.4%
Glory
60.1%
The Magnificent Seven
44.8%
Flight
38.8%
The Manchurian Candidate
36.4%
Deja Vu
34.6%

Today's Daily Dose

Get the Picture
Which JB?

Remove Ads.
Support Sporcle.
Get the best of Sporcle when you Go Orange. This ad-free experience offers more features, more stats, and more fun while also helping to support Sporcle. Thank you for becoming a member.

You're not logged in!

Compare scores with friends on all Sporcle quizzes.
OR
Log In

Show Comments

Extras

Top Quizzes Today


Score Distribution

Your Account Isn't Verified!

In order to create a playlist on Sporcle, you need to verify the email address you used during registration. Go to your Sporcle Settings to finish the process.

Report this User

Report this user for behavior that violates our Community Guidelines.

Details: